Artificial Intelligence for Marketing Strategy Digitalization: Conceptual Framework, Propositions and Research Agenda
Gespeichert in:
| 1. Verfasser: | |
|---|---|
| Weitere Verfasser: | |
| Format: | Buchkapitel |
| Sprache: | Englisch |
| Schlagworte: | |
| Tags: |
Keine Tags, Fügen Sie das erste Tag hinzu!
|
MARC
| LEADER | 00000naa$a2200000$$$4500 | ||
|---|---|---|---|
| 001 | 0314411 | ||
| 005 | 20260126080553.4 | ||
| 041 | 0 | |a eng | |
| 044 | |a SK | ||
| 245 | 1 | 0 | |a Artificial Intelligence for Marketing Strategy Digitalization: Conceptual Framework, Propositions and Research Agenda |c Dávid Rybjanský, Róbert Hanák |
| 610 | 2 | 0 | |a ekonómia |
| 610 | 2 | 0 | |a manažment |
| 610 | 2 | 0 | |a podnikanie |
| 610 | 2 | 0 | |a digitalizácia |
| 610 | 2 | 0 | |a financie |
| 100 | 1 | |a Rybjanský, Dávid, 2000- | |
| 700 | 1 | |a Hanák, Róbert, 1979- | |